[Event "CRI-ch"]
[Site "San Jose"]
[Date "2024.01.11"]
[Round "6"]
[White "Jimenez Garcia, Emanuel"]
[Black "Valdes Romero, Leonardo"]
[Result "1/2-1/2"]
[WhiteElo "2394"]
[BlackElo "2366"]
[PlyCount "96"]
[EventDate "2024.01.06"]
[EventType "swiss"]
[EventRounds "9"]
[EventCountry "CRI"]
[SourceTitle "CB05_2024"]
[SourceDate "2024.01.31"]
[SourceVersion "1"]
[SourceVersionDate "2024.01.31"]
[SourceQuality "1"]

1. d4 Nf6 2. Nf3 g6 3. g3 Bg7 4. Bg2 0-0 5. 0-0 d6 6. Re1 Nbd7 7. e4 e5 8. a4 exd4 9. Nxd4 Re8 10. a5 a6 11. Nc3 Rb8 12. h3 Nc5 13. Ra3 h6 14. b4 Ne6 15. Nde2 Ng5 16. Nf4 Bd7 17. Kh2 Bc6 18. f3 Ngh7 19. Be3 Qd7 20. Bf2 Rbd8 21. Bf1 Kh8 22. Ncd5 g5 23. Ng2 Bxd5 24. exd5 Rxe1 25. Bxe1 Re8 26. c4 Nf8 27. Re3 Ng6 28. Qe2 Rxe3 29. Nxe3 Ne5 30. b5 Kg8 31. Kg2 h5 32. Bc3 Ng6 33. Qb2 Ne8 34. Bxg7 Nxg7 35. Qf6 h4 36. Qxg5 hxg3 37. Bd3 Qe8 38. Bxg6 fxg6 39. bxa6 bxa6 40. Kxg3 Kh7 41. Kf2 Nh5 42. Ng4 Qf8 43. Qe3 Qg7 44. Qd2 Qf8 45. h4 Qg7 46. Kg2 Qf8 47. Qe3 Qg7 48. Nf2 Qf6 1/2-1/2

[Event "Caribean-chT 24th"]
[Site "San Salvador"]
[Date "2023.07.06"]
[Round "9.1"]
[White "Valdes Romero, Leonardo"]
[Black "Albornoz Cabrera, Carlos Daniel"]
[Result "0-1"]
[WhiteElo "2483"]
[BlackElo "2526"]
[PlyCount "140"]
[EventDate "2023.07.06"]
[EventType "tourn"]
[EventRounds "15"]
[EventCountry "ESA"]
[SourceTitle "CBM 215 Extra"]
[Source "ChessBase"]
[SourceDate "2023.09.30"]
[SourceVersion "1"]
[SourceVersionDate "2023.09.30"]
[SourceQuality "1"]
[WhiteTeam "Costa Rica"]
[BlackTeam "Cuba"]
[WhiteTeamCountry "CRI"]
[BlackTeamCountry "CUB"]

1. Nf3 Nf6 2. c4 e6 3. g3 d5 4. Bg2 d4 5. d3 Nc6 6. 0-0 Bc5 7. Na3 0-0 8. Nc2 a5 9. e3 dxe3 10. Bxe3 Bxe3 11. fxe3 e5 12. Ng5 Bg4 13. Qd2 h6 14. Ne4 Nxe4 15. Bxe4 Qd6 16. a3 Be6 17. Qc3 f5 18. Bxc6 bxc6 19. d4 exd4 20. Nxd4 c5 21. Nf3 Qc6 22. Ne5 Qe4 23. Rf4 Qb7 24. Raf1 a4 25. Nd3 Qc6 26. Ne5 Qd6 27. h4 Rab8 28. Ng6 Rfd8 29. R1f2 Rb3 30. Qe5 Qxe5 31. Nxe5 Rxe3 32. Nc6 Rxg3+ 33. Kh2 Rdd3 34. Ne7+ Kh7 35. Nxf5 Bxf5 36. Rxf5 Rh3+ 37. Kg2 Rdg3+ 38. Kf1 Rh1+ 39. Ke2 Rb3 40. Rxc5 Rxb2+ 41. Kf3 Rxf2+ 42. Kxf2 Rxh4 43. Rxc7 Rh3 44. Ra7 Rxa3 45. Ke2 h5 46. Kd2 Ra2+ 47. Kd3 Ra1 48. Kc2 h4 49. Kb2 Rg1 50. Rxa4 Rg4 51. Kc3 h3 52. Ra1 h2 53. Rh1 Rh4 54. c5 Kg6 55. c6 Rh8 56. c7 Rc8 57. Rxh2 Rxc7+ 58. Kd3 Re7 59. Rg2+ Kf5 60. Rf2+ Kg4 61. Rg2+ Kf3 62. Rg6 Rd7+ 63. Kc4 Kf4 64. Kc3 Kf5 65. Rg1 g5 66. Rg2 Kf4 67. Rf2+ Kg3 68. Rf1 g4 69. Rg1+ Kf3 70. Rf1+ Kg2 0-1

[Event "Caribean-chT Rapid 24th"]
[Site "San Salvador"]
[Date "2023.07.05"]
[Round "11.1"]
[White "Cardoso Cardoso, Jose Gabriel"]
[Black "Valdes Romero, Leonardo"]
[Result "1/2-1/2"]
[WhiteElo "2431"]
[BlackElo "2403"]
[PlyCount "160"]
[EventDate "2023.07.03"]
[EventType "tourn (rapid)"]
[EventRounds "15"]
[EventCountry "ESA"]
[SourceTitle "CBM 215 Extra"]
[Source "ChessBase"]
[SourceDate "2023.09.30"]
[SourceVersion "1"]
[SourceVersionDate "2023.09.30"]
[SourceQuality "1"]
[WhiteTeam "Colombia"]
[BlackTeam "Costa Rica"]
[WhiteTeamCountry "COL"]
[BlackTeamCountry "CRI"]

1. e4 d6 2. d4 Nf6 3. Nc3 e5 4. Nf3 Nbd7 5. Bc4 Be7 6. 0-0 0-0 7. a4 c6 8. Re1 b6 9. Ba2 a6 10. h3 Rb8 11. Be3 b5 12. axb5 axb5 13. b4 Qc7 14. Qe2 Nb6 15. dxe5 dxe5 16. Bc5 h6 17. Bb3 Re8 18. Nh4 Bf8 19. Qe3 Nfd7 20. Bxf8 Nxf8 21. Nf5 Kh7 22. Red1 Be6 23. Qc5 Nbd7 24. Qd6 Rb7 25. Qxc7 Rxc7 26. Nd6 Re7 27. Ra8 Bxb3 28. cxb3 g6 29. Rda1 Ne6 30. R1a6 Nd4 31. Rd8 Nf6 32. Raa8 Red7 33. f4 Rxd8 34. Rxd8 Rd7 35. Rxd7 Nxd7 36. g3 Kg8 37. Kf2 Nxb3 38. Nc8 Kf8 39. Ke3 Nd4 40. Kd3 Ne6 41. Ke3 f6 42. Ne2 g5 43. f5 Nc7 44. Nc1 c5 45. Nd3 c4 46. Nc1 Nb8 47. Na7 Nba6 48. Na2 Ke7 49. Kd2 Kd7 50. Kc2 Ke7 51. Kb2 Kd7 52. Ka3 Nb8 53. Nc3 Nc6 54. Naxb5 Nxb5+ 55. Nxb5 Ke7 56. Nc3 Nd4 57. b5 Nc2+ 58. Ka4 Kd6 59. Ka5 Nd4 60. Kb4 h5 61. Kxc4 h4 62. gxh4 gxh4 63. Nd5 Nf3 64. Nxf6 Ng5 65. Ne8+ Kd7 66. b6 Kc6 67. f6 Kxb6 68. Kd5 Nxh3 69. f7 Nf4+ 70. Kxe5 Ng6+ 71. Kf5 Nf8 72. Kg4 Kc6 73. Kxh4 Kd7 74. Kg5 Ke6 75. Nc7+ Kxf7 76. Kf5 Nd7 77. Nd5 Nc5 78. e5 Ne6 79. Nf4 Nc5 80. e6+ Nxe6 1/2-1/2

[Event "Caribean-chT Rapid 24th"]
[Site "San Salvador"]
[Date "2023.07.05"]
[Round "12.1"]
[White "Valdes Romero, Leonardo"]
[Black "Araujo Sanchez, Josue"]
[Result "1-0"]
[WhiteElo "2403"]
[BlackElo "2237"]
[PlyCount "59"]
[EventDate "2023.07.03"]
[EventType "tourn (rapid)"]
[EventRounds "15"]
[EventCountry "ESA"]
[SourceTitle "CBM 215 Extra"]
[Source "ChessBase"]
[SourceDate "2023.09.30"]
[SourceVersion "1"]
[SourceVersionDate "2023.09.30"]
[SourceQuality "1"]
[WhiteTeam "Costa Rica"]
[BlackTeam "Dominican Republic"]
[WhiteTeamCountry "CRI"]
[BlackTeamCountry "DOM"]

1. Nf3 b6 2. g3 Bb7 3. Bg2 Nf6 4. 0-0 e6 5. c4 c5 6. Nc3 Be7 7. b3 0-0 8. Bb2 d6 9. e3 Nbd7 10. d4 Ne4 11. Qc2 Nxc3 12. Bxc3 Qc7 13. Rad1 Nf6 14. dxc5 Qxc5 15. Ng5 Qxg5 16. Bxb7 Rab8 17. Bg2 b5 18. cxb5 Rxb5 19. Qb2 d5 20. Rd4 Rc8 21. Ra4 Rb7 22. Bd4 Rbc7 23. Rxa7 Rc2 24. Ra8 Rxa8 25. Qxc2 e5 26. Ba1 Bf8 27. a4 h5 28. h4 Qg4 29. Bxe5 Rc8 30. Qd1 1-0

[Event "Caribean-chT Rapid 24th"]
[Site "San Salvador"]
[Date "2023.07.03"]
[Round "2.1"]
[White "Valdes Romero, Leonardo"]
[Black "Albornoz Cabrera, Carlos Daniel"]
[Result "1/2-1/2"]
[WhiteElo "2403"]
[BlackElo "2616"]
[PlyCount "96"]
[EventDate "2023.07.03"]
[EventType "tourn (rapid)"]
[EventRounds "15"]
[EventCountry "ESA"]
[SourceTitle "CBM 215 Extra"]
[Source "ChessBase"]
[SourceDate "2023.09.30"]
[SourceVersion "1"]
[SourceVersionDate "2023.09.30"]
[SourceQuality "1"]
[WhiteTeam "Costa Rica"]
[BlackTeam "Cuba"]
[WhiteTeamCountry "CRI"]
[BlackTeamCountry "CUB"]

1. Nf3 Nf6 2. c4 e6 3. g3 d5 4. d4 dxc4 5. Bg2 a6 6. 0-0 Nc6 7. Nc3 Rb8 8. e4 Be7 9. d5 Nb4 10. Ne5 exd5 11. exd5 Bf5 12. a3 Nd3 13. Nxc4 Nxc1 14. Rxc1 0-0 15. b4 Bd6 16. Qd4 Re8 17. Rfe1 Qd7 18. h4 Ng4 19. Ne3 Nxe3 20. Rxe3 Rxe3 21. Qxe3 Re8 22. Qa7 Qe7 23. Qd4 Qe5 24. Qd2 h6 25. Bf3 Qf6 26. Re1 Rxe1+ 27. Qxe1 Qe5 28. Qd2 g6 29. Kg2 h5 30. Kg1 b6 31. Kg2 Kg7 32. Ne2 Be4 33. Nc3 Bxf3+ 34. Kxf3 a5 35. Nb5 axb4 36. axb4 Qf5+ 37. Kg2 Qe4+ 38. Kg1 Qxb4 39. Qxb4 Bxb4 40. Nxc7 Kf8 41. Kg2 Ke7 42. Nb5 Kf6 43. f4 Bc5 44. Kf3 Kf5 45. Nc7 Bd6 46. Nb5 Bc5 47. Nc7 Bd6 48. Nb5 Bc5 1/2-1/2

[Event "Central America-ch 24th"]
[Site "San Salvador"]
[Date "2023.01.21"]
[Round "3"]
[White "Quesada Perez, Luis Ernesto"]
[Black "Valdes Romero, Leonardo"]
[Result "1-0"]
[WhiteElo "2520"]
[BlackElo "2410"]
[PlyCount "55"]
[EventDate "2023.01.21"]
[EventType "swiss"]
[EventRounds "11"]
[EventCountry "ESA"]
[SourceTitle "CBM 212 Extra"]
[Source "ChessBase"]
[SourceDate "2023.03.31"]
[SourceVersion "1"]
[SourceVersionDate "2023.03.31"]
[SourceQuality "1"]

1. e4 d6 2. d4 Nf6 3. Nc3 g6 4. f3 Bg7 5. Be3 c6 6. Qd2 b5 7. Nge2 Nbd7 8. Bh6 Bxh6 9. Qxh6 Qa5 10. Nc1 Qb6 11. Nb3 Bb7 12. a4 a6 13. Be2 b4 14. a5 Qc7 15. Na4 g5 16. Qxg5 Rg8 17. Qe3 Rxg2 18. 0-0-0 0-0-0 19. Bc4 e6 20. Qe1 d5 21. Bf1 Rxh2 22. Rxh2 Qxh2 23. e5 Qf4+ 24. Kb1 Ne8 25. Qxb4 Nc7 26. Nb6+ Nxb6 27. Qxb6 Qxf3 28. Rc1 1-0

[Event "Central America-ch 24th"]
[Site "San Salvador"]
[Date "2023.01.21"]
[Round "2"]
[White "Valdes Romero, Leonardo"]
[Black "Francis, Nigel"]
[Result "1-0"]
[WhiteElo "2410"]
[BlackElo "1678"]
[PlyCount "61"]
[EventDate "2023.01.21"]
[EventType "swiss"]
[EventRounds "11"]
[EventCountry "ESA"]
[SourceTitle "CBM 212 Extra"]
[Source "ChessBase"]
[SourceDate "2023.03.31"]
[SourceVersion "1"]
[SourceVersionDate "2023.03.31"]
[SourceQuality "1"]

1. Nf3 d5 2. g3 c5 3. Bg2 Nc6 4. d4 e6 5. 0-0 Nf6 6. c4 Be7 7. cxd5 exd5 8. Nc3 h6 9. Bf4 a6 10. Rc1 c4 11. Ne5 Bf5 12. Qa4 Rc8 13. b3 0-0 14. bxc4 Nxe5 15. dxe5 Rxc4 16. exf6 Rxa4 17. fxe7 Qxe7 18. Nxa4 Qxe2 19. Nc3 Qe7 20. Nxd5 Qa3 21. Rc3 Qxa2 22. Ne7+ Kh7 23. Nxf5 b5 24. Rc6 g6 25. Nxh6 b4 26. Ng4 b3 27. Nf6+ Kg7 28. Be5 Kh6 29. Bd5 a5 30. Rc4 g5 31. Rc6 1-0

[Event "Titled Tuesday intern op 01st Nov Late"]
[Site "Chess.com INT"]
[Date "2022.11.01"]
[Round "5"]
[White "Amburgy, Ryan"]
[Black "Valdes Romero, Leonardo"]
[Result "0-1"]
[WhiteElo "2175"]
[BlackElo "2400"]
[PlyCount "68"]
[EventDate "2022.11.01"]
[EventType "swiss (blitz)"]
[EventRounds "11"]
[EventCountry "USA"]
[SourceTitle "EXT 2024"]
[Source "ChessBase"]
[SourceDate "2023.10.10"]
[SourceVersion "1"]
[SourceVersionDate "2023.10.10"]
[SourceQuality "1"]

1. Nf3 Nf6 2. c4 d6 3. d4 Nbd7 4. Nc3 e5 5. dxe5 dxe5 6. Bg5 Be7 7. e3 0-0 8. Be2 c6 9. Qc2 Qc7 10. 0-0-0 Re8 11. Nd2 Nc5 12. Bxf6 Bxf6 13. Nde4 Be7 14. g4 a5 15. h4 Nxe4 16. Qxe4 a4 17. Bd3 g6 18. h5 a3 19. hxg6 hxg6 20. Rh6 axb2+ 21. Kb1 Bf8 22. Rh2 Bg7 23. Rdh1 Qa5 24. Kxb2 Qb4+ 25. Kc2 Ra3 26. Nd1 Rxa2+ 27. Kc1 Be6 28. f4 Rea8 29. Rxa2 Rxa2 30. f5 Qa3+ 31. Kb1 Ra1+ 32. Kc2 Qc1+ 33. Kb3 Ra3+ 34. Kb4 Bf8+ 0-1

[Event "Titled Tuesday intern op 01st Nov Late"]
[Site "Chess.com INT"]
[Date "2022.11.01"]
[Round "10"]
[White "Valdes Romero, Leonardo"]
[Black "Przybylski, Wojciech"]
[Result "0-1"]
[WhiteElo "2400"]
[BlackElo "2321"]
[PlyCount "86"]
[EventDate "2022.11.01"]
[EventType "swiss (blitz)"]
[EventRounds "11"]
[EventCountry "USA"]
[SourceTitle "EXT 2024"]
[Source "ChessBase"]
[SourceDate "2023.10.10"]
[SourceVersion "1"]
[SourceVersionDate "2023.10.10"]
[SourceQuality "1"]

1. Nf3 Nf6 2. d3 d5 3. g3 c6 4. Bg2 Bg4 5. 0-0 Nbd7 6. Nbd2 e6 7. h3 Bh5 8. Qe1 Bc5 9. e4 0-0 10. Kh1 h6 11. Ng1 e5 12. f4 dxe4 13. Nxe4 Nxe4 14. dxe4 exf4 15. gxf4 Re8 16. Qg3 Bd6 17. e5 Bc7 18. Bf3 Bxf3+ 19. Nxf3 Qe7 20. Nh4 Qe6 21. Rg1 g6 22. Be3 Rad8 23. Rae1 Nf8 24. Bc5 Qd5+ 25. Rg2 Qxc5 26. e6 Qd5 27. e7 Rc8 28. exf8Q+ Kxf8 29. Rf1 Re2 30. Qg4 Rce8 31. f5 g5 32. Nf3 R8e4 33. Qh5 Rxg2 34. Qxh6+ Ke8 35. Qh8+ Kd7 36. Kxg2 Qxf5 37. Qc3 Qf4 38. Rd1+ Bd6 39. Qd3 Qg3+ 40. Kf1 Qxh3+ 41. Kf2 Qg3+ 42. Kf1 g4 43. Ne5+ Qxe5 0-1

[Event "American Continental 16th"]
[Site "San Salvador"]
[Date "2022.05.05"]
[Round "5"]
[White "Cervantes Landeiro, Thalia"]
[Black "Valdes Romero, Leonardo"]
[Result "0-1"]
[WhiteElo "2193"]
[BlackElo "2403"]
[PlyCount "136"]
[EventDate "2022.05.02"]
[EventType "swiss"]
[EventRounds "11"]
[EventCountry "ESA"]
[SourceTitle "CBM 208 Extra"]
[Source "ChessBase"]
[SourceDate "2022.07.31"]
[SourceVersion "1"]
[SourceVersionDate "2022.07.31"]
[SourceQuality "1"]

1. d4 Nf6 2. c4 g6 3. Nc3 Bg7 4. e4 d6 5. f3 0-0 6. Nge2 c5 7. Be3 cxd4 8. Nxd4 Nc6 9. Qd2 Bd7 10. Nc2 Qa5 11. Be2 Rfc8 12. Rc1 Ne5 13. b3 a6 14. 0-0 b5 15. b4 Qc7 16. c5 dxc5 17. Bxc5 Be6 18. Ne3 Rd8 19. Qc2 Rac8 20. f4 Ned7 21. e5 Nxc5 22. exf6 Bxf6 23. Ncd1 Bd4 24. bxc5 Qxc5 25. Qxc5 Rxc5 26. Rxc5 Bxc5 27. Kf2 Bxa2 28. Nc3 Be6 29. Ne4 Bd4 30. Rd1 Bc8 31. Nc5 Rd6 32. Ne4 Rd7 33. Bf3 a5 34. Rc1 Rd8 35. Ke2 a4 36. Nc2 Bb2 37. Rb1 a3 38. Nc5 Bf5 39. Rd1 Rc8 40. Nxa3 Rxc5 41. g4 Bxa3 42. gxf5 Rxf5 43. Rd5 Bd6 44. Rxf5 gxf5 45. Ke3 e6 46. h3 b4 47. Bd1 Kf8 48. Bb3 Ke7 49. Ba4 Bb8 50. Bb3 Kd6 51. Kd4 Ba7+ 52. Kd3 Bf2 53. Ba4 Bh4 54. Kd4 Bf6+ 55. Kd3 Bg7 56. Bb3 Bh6 57. Kc4 Bxf4 58. Kxb4 Ke5 59. Kc3 Ke4 60. Ba4 Be3 61. Bc6+ Kf4 62. Kd3 e5 63. Be8 f6 64. Ke2 e4 65. Bd7 Bc5 66. h4 Ke5 67. h5 f4 68. Bb5 f3+ 0-1

[Event "American Continental 16th"]
[Site "San Salvador"]
[Date "2022.05.03"]
[Round "2"]
[White "Valdes Romero, Leonardo"]
[Black "Cabezas Solano, David Alejandro"]
[Result "1-0"]
[WhiteElo "2403"]
[BlackElo "2084"]
[PlyCount "85"]
[EventDate "2022.05.02"]
[EventType "swiss"]
[EventRounds "11"]
[EventCountry "ESA"]
[SourceTitle "CBM 208 Extra"]
[Source "ChessBase"]
[SourceDate "2022.07.31"]
[SourceVersion "1"]
[SourceVersionDate "2022.07.31"]
[SourceQuality "1"]

1. Nf3 d5 2. d4 Nf6 3. g3 e6 4. Bg2 Be7 5. 0-0 0-0 6. c4 dxc4 7. Qa4 a6 8. Qxc4 b5 9. Qc2 Bb7 10. Bd2 Be4 11. Qc1 Nc6 12. e3 Nb4 13. Bxb4 Bxb4 14. a3 Be7 15. Nbd2 Bd5 16. Qc2 a5 17. Rfc1 Rc8 18. Nb3 Nd7 19. e4 Bxb3 20. Qxb3 c5 21. Qxb5 Rb8 22. Qe2 Qb6 23. dxc5 Nxc5 24. Rc2 Rfd8 25. h4 Nd3 26. Rd1 Nxb2 27. Rxd8+ Bxd8 28. Ne5 Na4 29. Nc6 Qb1+ 30. Kh2 Ra8 31. e5 g6 32. Ne7+ Bxe7 33. Bxa8 Bxa3 34. Bc6 Nb6 35. Be8 Qb4 36. Rc7 Qf8 37. Bxf7+ Kh8 38. Bxe6 Bc5 39. f4 a4 40. Qb5 Be3 41. Qc6 Qb8 42. Qd6 Qe8 43. Bf7 1-0

[Event "American Continental 16th"]
[Site "San Salvador"]
[Date "2022.05.02"]
[Round "1"]
[White "Palencia Alvarado, Julio Roberto"]
[Black "Valdes Romero, Leonardo"]
[Result "0-1"]
[WhiteElo "1758"]
[BlackElo "2403"]
[PlyCount "59"]
[EventDate "2022.05.02"]
[EventType "swiss"]
[EventRounds "11"]
[EventCountry "ESA"]
[SourceTitle "CBM 208 Extra"]
[Source "ChessBase"]
[SourceDate "2022.07.31"]
[SourceVersion "1"]
[SourceVersionDate "2022.07.31"]
[SourceQuality "1"]

1. e4 c5 2. Nc3 d6 3. Bb5+ Bd7 4. a4 a6 5. Bxd7+ Nxd7 6. f4 g6 7. Nf3 Bg7 8. d3 e6 9. 0-0 Ne7 10. Qe1 0-0 11. Qg3 Rb8 12. f5 exf5 13. Qxd6 Ne5 14. Qxd8 Rfxd8 15. Bg5 Nxf3+ 16. gxf3 Bd4+ 17. Kg2 f6 18. Bf4 Rbc8 19. Bg3 c4 20. Be1 cxd3 21. cxd3 Kf7 22. Rd1 Rd7 23. Rb1 Ba7 24. Ne2 Rc2 25. Rf2 Bxf2 26. Kxf2 Rxd3 27. Bc3 Nc6 28. Ke1 Ne5 29. Bxe5 fxe5 30. exf5 0-1

[Event "Titled Tuesday intern op 01st Feb-A"]
[Site "Chess.com INT"]
[Date "2022.02.01"]
[Round "3"]
[White "Paravyan, David"]
[Black "Valdes Romero, Leonardo"]
[Result "1-0"]
[WhiteElo "2617"]
[BlackElo "2404"]
[PlyCount "59"]
[EventDate "2022.02.01"]
[EventType "swiss (blitz)"]
[EventRounds "11"]
[EventCountry "USA"]
[SourceTitle "CBM 206 Extra"]
[Source "ChessBase"]
[SourceDate "2022.03.31"]
[SourceVersion "1"]
[SourceVersionDate "2022.03.31"]
[SourceQuality "1"]

1. e4 d6 2. d4 Nf6 3. Nc3 e5 4. Nf3 Nbd7 5. Bc4 Be7 6. 0-0 0-0 7. Re1 c6 8. a4 b6 9. d5 cxd5 10. Nxd5 Bb7 11. b3 Rc8 12. Ra2 Nxd5 13. Bxd5 Bxd5 14. Qxd5 Nf6 15. Qd1 d5 16. exd5 Nxd5 17. c4 Bb4 18. cxd5 Bxe1 19. Nxe1 Qd7 20. Ba3 Rfd8 21. Rd2 Rc3 22. Bb4 Rcc8 23. Nc2 f5 24. Ne3 b5 25. axb5 Qxb5 26. Be7 Rd7 27. d6 f4 28. Nc4 a5 29. Rd5 Qb4 30. Nxe5 1-0